[Event "Linares"]
[Site "Linares ESP"]
[Date "2005.02.27"]
[Round "5"]
[White "Kasparov, Garry"]
[Black "Adams, Michael"]
[Result "1-0"]
[WhiteElo "2804"]
[BlackElo "2741"]
[Annotator "Ubilava, E"]
[PlyCount "107"]
[EventDate "2005.02.23"]
[Source "EDAMI"]
[SourceDate "2006.12.20"]

{En esta partida la preparación muy personalizada de Kasparov contra M.Adams
dio sus frutos muy rápido. El jugador inglés parece que sigue un camino
natural para igualar la partida cuando hace la ruptura 15... f5, pero en
realidad cae en la trampa de las negras y pierde el peón. A partir de ese
momento empieza una larga agonía de los dos jugadores: por un lado de Kasparov,
que tiene un peón limpio de ventaja, pero no puede demostrar un claro camino
ganador y por otro lado sufre Adams, quien estuvo bastante cerca de arrancar
el medio punto, pero finalmente no aguanta y pierde este encuentro.} 1. d4 Nf6
2. c4 e6 3. Nc3 Bb4 4. Qc2 d5 5. a3 Bxc3+ 6. Qxc3 Ne4 7. Qc2 e5 {Es la continua
ción preferida del jugador británico y lógicamente fue investigada muy a fondo
por su rival en casa.} 8. cxd5 Qxd5 9. f3 Nd6 10. dxe5 Qxe5 11. e4 Nc6 12. Ne2
{Una nueva interpretación por parte de Kasparov: las blancas quieren
desarrollar primero su caballo a c3 para consolidar la posición y después
hacer el enroque largo.} Be6 13. Bf4 Qa5+ 14. Nc3 O-O-O ({
Probablemente si las negras eligiesen el plan con} 14... O-O {
las blancas seguirian igual} 15. O-O-O Rad8 16. Nd5 {con presión.}) 15. O-O-O
f5 $2 {Esta jugada pierde un peón casi forzadamante, pero tampoco las negras
pueden igualar la partida si eligen} (15... Kb8 16. Nd5 Bxd5 17. Rxd5 Qe1+ {
y si las blancas quieren pueden quedarse con la pareja de alfiles después de}
18. Qd1 Qxd1+ 19. Rxd1) 16. Bxd6 Rxd6 17. Rxd6 cxd6 {diagrama.} 18. Bb5 $1 Nd4
{Michael decide sacrificar el peón, porque no le debería gustar la posición
que surge en caso de} (18... fxe4 19. Qxe4 Nd8 20. Rd1 Qc7 21. Kb1) 19. Qd3
Nxb5 20. Nxb5 fxe4 21. Qxd6 {Esta continuación parece más limpia que} (21.
Nxd6+ Kb8 22. Nxe4 Rd8 23. Qe2 Bb3 24. Kb1 Qc7 {
con un alfil blanco bastante molesto.}) 21... Qxb5 22. Qxe6+ Kb8 23. Qxe4 Re8
24. Qf4+ Ka8 25. Kb1 g5 $1 {Con esta intervención del peón "g" las negras
marcan las líneas defensivas y dificultan la realización de la ventaja de su
oponente.} 26. Qf7 h6 27. h4 {No estoy muy seguro de la utilidad de este
cambio, porque el peón h6 podía ser objeto de ataque por parte de las blancas
en el futuro, mientras que después de la eliminación de los peones "h" las
negras tendrán un problema menos. La jugada} (27. Rd1 {me parece más acertada.}
) 27... a6 28. hxg5 hxg5 29. Qf6 Qd3+ 30. Ka1 Qd2 {Michael ha activado al
máximo sus piezas pesadas y de momento tiene todo bien controlado.} 31. Qf7 Re5
32. Qc7 ({Kasparov no cae en la trampa de su rival:} 32. Rh8+ Ka7 33. Qg8 Re8
$1 34. Qxe8 Qd1+ 35. Ka2 Qd5+ {con tablas.}) 32... Re8 ({
El cambio de las torres sólo favorecería a las negras} 32... Re1+ 33. Rxe1
Qxe1+ 34. Ka2 Qe6+ 35. Kb1 {con final de damas ganado.}) 33. Qf7 Re5 34. Qf6
Re8 35. g4 Ka7 36. Qf5 Ka8 37. Kb1 Rd8 38. Rc1 Rd5 ({
El final de torres después de} 38... Qd3+ 39. Qxd3 Rxd3 40. Rc3 Rd5 41. Kc2 {
con el acercamiento del rey blanco hacia sus  peones en el flanco de rey, deja
muy pocas opciones para salvar la partida.}) 39. Qe4 Ka7 40. Rc3 Qd1+ 41. Ka2
Qd2 42. Rc2 Qd3 43. Re2 (43. Qxd3 Rxd3 44. Rc3 {Kasparov ya podía entrar en el
final de torres que a priori está ganado para las negras, pero aún busca algo
más.}) 43... Rd4 44. Qe3 a5 $2 ({
Como ya hemos comentado el cambio de damas no favorece al jugador británico:} 
44... Qxe3 45. Rxe3 Rd2 46. Kb3 Kb6 47. Kc3 Rf2 48. b4) ({
Sin embargo, después de} 44... Qc4+ 45. b3 Qd3 {
la cosa es diferente, porque el rey blanco no puede traspasar la tercera fila.}
46. Kb2 Kb6 {Con ello, Adams podía empatar la partida.}) 45. Re1 Ka6 46. Qxg5
Qxf3 47. Qg6+ Ka7 ({Después de} 47... b6 48. Qg8 Qd5+ 49. Qxd5 Rxd5 50. Kb3 Rg5
51. Re4 $1 ({no convence la continuación} 51. Rg1 Kb5 52. Kc3 Kc5 53. Kd3 Kd5
54. Ke3 Ke5 55. Kf3 Kf6 {con buenas posibilidades de tablas}) 51... Kb5 52. Kc3
Kc5 53. Kd3 Kd5 54. Ke3 Rg8 55. Kf3 {
y las negras poco a poco deben realizar su ventaja. Diagrama.}) 48. Re5 $1 Ra4
({Pierde} 48... Rd5 {por} 49. Qf5 {y}) (48... b6 {por} 49. Rxa5+ $1 bxa5 50.
Qg7+ Kb6 51. Qxd4+) 49. Qh5 b6 50. Qe8 {La desafortunada exposición del rey
negro rápidamente decide el resultado de este largo final.} Rc4 51. g5 Rc7 52.
Qe6 a4 53. Re4 Qd1 54. Rb4 1-0

[Event "Linares"]
[Site "Linares ESP"]
[Date "2005.02.28"]
[Round "6"]
[White "Topalov, Veselin"]
[Black "Vallejo Pons, Francisco"]
[Result "1-0"]
[WhiteElo "2757"]
[BlackElo "2686"]
[Annotator "Martin, A"]
[PlyCount "63"]
[EventDate "2005.02.23"]
[Source "EDAMI"]
[SourceDate "2006.12.20"]

1. e4 c5 2. Nf3 d6 3. d4 cxd4 4. Nxd4 Nf6 5. Nc3 a6 6. Be3 e5 7. Nb3 Be7 8. f3
Be6 9. Qd2 O-O 10. O-O-O Nbd7 11. g4 b5 12. g5 b4 ({Una conocida línea del
Ataque inglés, bastante de moda en la actualidad. También es posible} 12... Nh5
) 13. Ne2 Ne8 14. f4 a5 15. f5 ({
La partida Almasi-Vallejo, del mundial de Libia 2004 había seguido} 15. Kb1 a4
16. Nbc1 exf4 {ver PDR 33, pag. 24.}) 15... a4 ({También es a considerar} 15...
Bxb3 16. cxb3 a4) 16. fxe6 ({Se ha jugado también} 16. Nbd4 exd4 17. Nxd4 {
que igualmente lleva a grandes complicaciones tras} b3) 16... axb3 17. exf7+ ({
Novedad. Se había jugado} 17. cxb3 fxe6 18. Kb1 Qa5 (18... Rxa2 $1 19. Kxa2
Qa8+ 20. Ba7 Qxa7+ 21. Kb1 Nc5 {
obteniendo una excelente compensación por la calidad.}) 19. Nc1 {que proporcion
a buen juego a las blancas. Ivanovic,B-Djukanovic,S. Montenegro 2004, pero las
negras pueden mejorar con}) 17... Rxf7 18. Kb1 bxc2+ (18... bxa2+ 19. Ka1 Nf8
20. Ng3 Qc8 {es también digna de análisis}) 19. Kxc2 {Una sorpresa. Las
blancas se reservan la posibilidad de jugar Qd5, por ello no capturan en c2
con la dama. Posiblemente todo esto forma parte de la preparación casera de
las blancas.} Nb6 ({Otra variante crítica es} 19... Rxa2 20. Nc1 Qc7+ 21. Kb1)
20. Nc1 d5 $5 {Un interesante sacrificio de peón para activar las piezas
menores y cerrar la diagonal a2-g8. El juego se vuelve ahora sumamente
complejo.} 21. exd5 Nd6 22. Kb1 Rf3 $2 ({
Un serio error. La torre no quedará bien aquí. Era necesario} 22... Ndc4 23.
Bxc4 Nxc4 24. Qe2 Nxe3 25. g6 {y la posición es incierta, aunque las
posibilidades de las blancas parecen algo mejores.}) 23. h4 Na4 (23... Nbc4 24.
Bxc4 Nxc4 25. Qe2 Rxe3 26. Qxc4 {tampoco conduce a nada.}) 24. Qe2 Rg3 25. Bf2
$1 Rc3 26. Qxe5 Nxb2 {
Un sacrificio desesperado, pero las amenazas de las blancas son más reales.}
27. Bd4 $1 Bf8 28. Kxb2 Rf3 ({Si} 28... Qa5 29. Bxc3 Qa3+ 30. Ka1 bxc3 31. Qe6+
Kh8 32. Rh2 {ganando.}) 29. Bd3 Kh8 30. Qe2 Rf4 31. Qh5 Nf5 32. g6 1-0

[Event "Linares"]
[Site "Linares ESP"]
[Date "2005.03.03"]
[Round "8"]
[White "Kasparov, Garry"]
[Black "Leko, Peter"]
[Result "1/2-1/2"]
[WhiteElo "2804"]
[BlackElo "2749"]
[Annotator "Rodríguez, Am"]
[PlyCount "61"]
[EventDate "2005.02.23"]
[Source "EDAMI"]
[SourceDate "2006.12.20"]

{En Linares Kasparov desplegó todas sus fuerzas en cada partida y en muchas
ocasiones, antes de ella también. Sus poderosos análisis previos estuvieron a
punto de aflorar en la siguiente partida, que aunque es corta fue muy intensa.
} 1. e4 c5 2. Nf3 Nc6 3. Nc3 e5 4. Bc4 d6 5. d3 Be7 6. Nd2 Bg5 7. h4 Bxd2+ 8.
Bxd2 Nf6 9. O-O Be6 (9... O-O 10. f4 Bg4 (10... Ng4 11. Qe1 exf4 12. Bxf4 Nce5
13. Qg3 h5 (13... Be6 14. b3 h5 15. a4 Qd7 16. Rad1 Rad8 17. Nd5 {
con clara ventaja blanca,  Livshits - Bykhovsky, Ramat Aviv 2004}) 14. Bg5 Qb6
15. b3 Be6 16. Rad1 Qa5 17. Bd2 Qd8 18. Nd5 {
con ligera ventaja blanca, Naiditsch - Anand, Dortmund 2004}) 11. Qe1 exf4 12.
Bxf4 Nh5 13. Bh2 Qd7 14. Qf2 Rae8 15. Nd5 Ne5 16. Ne3 Nxc4 17. Nxc4 Re6 18.
Rae1 Rg6 {
con interesante juego de las negras, Morozevich - Leko, Monte Carlo 2003}) (
9... Bg4 {el intento más reciente antes de la partida que nos ocupa terminó en
un rápido desastre para las negras.} 10. Qe1 Be6 11. f4 Bxc4 12. dxc4 h5 13.
fxe5 dxe5 14. Bg5 Ne7 15. Rd1 Qb6 16. Qg3 Ng6 17. Bxf6 gxf6 18. Nd5 Qxb2 19.
Nxf6+ Kf8 20. Nxh5 {1-0 Svidler - Van Wely, Wijk aan Zee 2005}) 10. f4 (10. Nd5
O-O 11. f4 exf4 (11... Ng4 12. g3 exf4 13. Nxf4 Bxc4 14. Qxg4 Ne5 15. Qh5 Be6
16. Nxe6 fxe6 {sin problemas para las negras, Shirov - Kramnik, Mónaco 2004})
12. Bxf4 Ng4 13. Bg5 Qd7 14. Qd2 f6 15. Bf4 Nge5 16. Bb5 Qf7 {
y las negras aguantan, Morozevich - Leko, Mónaco 2004}) 10... Bxc4 11. dxc4 h5
12. f5 {Llega la novedad preparada por Kasparov} ({Era conocido que Leko había
jugado esta posición contra Svidler el pasado año, entablando con gran
facilidad.} 12. fxe5 dxe5 13. Bg5 Qxd1 14. Raxd1 Ng4 15. Nb5 O-O 16. c3 f6 17.
Bc1 a6 18. Nd6 b6 19. Nf5 Rad8 20. Rd5 Kf7 21. Rfd1 Rxd5 22. cxd5 Rd8 23. Kf1
Ne7 24. Nxe7 {1/2-1/2 Svidler - Leko, Dortmund 2004}) 12... Ng4 {Las negras
an por la réplica más natural, en la línea de su jugada anterior. El caballo
se posiciona en g4 y al mismo tiempo se amenaza tomar el peón de h4. Queda
claro que las blancas no sacan gran cosa de evitarlo jugando 13.Bg5 f6 14.Bd2,
pero la idea de Kasparov va mucho más allá que esa modesta maniobra.} 13. f6 $3
gxf6 (13... Nxf6 14. Bg5 {es excelente para las blancas.}) 14. Nd5 Ne7 ({
después de} 14... f5 $2 15. Bg5 f6 16. Nxf6+ $1 Nxf6 17. Rxf5 {Las blancas
desarrollarían un ataque imparable contra el rey negro, pues tanto a 17...Rf8
cómo a 17...0-0 podrían replicar tranquilamente 18.c3 seguido de Qf3 y Raf1,
con una clavada monumental sobre el caballo negro.}) (14... Rg8 15. Rf5 {
se ve también agradable para las blancas.}) 15. Nxf6+ Nxf6 16. Rxf6 Ng8 ({
el intento de desembarazarse del peón atrasado con} 16... d5 {
lleva a una posición muy pobre después de} 17. exd5 Nxd5 18. Rf2 Nb6 19. Qf3)
17. Rf5 Qxh4 18. Be3 $1 {No está claro que sea la jugada más exacta, pero es
realmente muy espectacular. Las blancas permiten la captura de su importante
peón e4, dando lugar a su vez a un doble ataque sobre su torre y alfil,
ninguno de los cuales se movería de sus puestos y serían sacrificados a libre
elección.    Todo esto fue jugado por Kasparov a velocidad supersónica,
dejando ver a las claras que se trataba de una receta casera.} ({
La jugada natural, previsible, era aquí} 18. Qf3 {contra la cual las negras,
además de disponer de una continuación similar a la partida con 18...Qe7,
podían también jugar} f6 {directamente seguida de enroque largo con buenas
probabilidades de sostener la posición.} 19. Bg5 Qg4 {
y los varios tipos de finales deben conducir a tablas.}) 18... Qe7 $1 ({
La belleza del sacrificio hubiera quedado al descubierto después de} 18... Qxe4
19. Qxd6 $3 {planteando otro doble sacrificio de mucho mayor envergadura. Las
negras pueden ahora, a libre elección, capturar la torre ó el alfil de las
blancas que han quedado colgando. ?Es correcto el sacrificio? Los análisis
indican que si, por tanto Leko hizo bien en rechazarlo.} Qxe3+ {Es la alternati
va crítica. Muchos medios de prensa y analistas internacionales expresaron su
opinión al término de la partida, de que esta jugada lleva al empate. Después
de realizar mis propias investigaciones, no me queda nada claro que las negras
puedan entablar, quizás si dejara enchufado el ordenador hasta el siguiente
número de PDR entonces encontraría un milagroso jaque perpetuo, pero la
opinión actual es que las negras deben sufrir y muy probablemente perderán.
Veamos:} (19... Qxf5 $2 {Era la peor elección, porque la torre de ventaja no
basta para frenar el ataque blanco, que después de} 20. Bxc5 {
se presenta arrollador.}) 20. Kh1 $1 ({no funciona el intento de mejorar con} 
20. Kh2 f6 21. Qe6+ Ne7 22. Qxf6 {
porque entonces la ubicación del rey en h2 hace posible el sacrificio} Nxf5 $1
23. Qxh8+ Ke7 24. Qxa8 Qf4+ 25. Kg1 Qd4+ 26. Kh2 Qf4+ $11) 20... f6 21. Qe6+ $1
(21. Rxf6 $6 {lleva a tablas después de} Nxf6 22. Qe6+ Kd8 $1 23. Rd1+ Kc7 24.
Qd6+ Kc8 25. Qe6+ $11) 21... Ne7 (21... Kf8 $2 22. Rxf6+) (21... Kd8 $2 22.
Rd1+) 22. Qxf6 Rh6 23. Qf7+ Kd7 24. Rd1+ Rd6 25. Rxd6+ Kxd6 26. Qf6+ (26. Rf6+
{lleva a sólo tablas}) 26... Kd7 27. Rxe5 Qc1+ {
muchos pensaban que este era un jaque salvador, pero la partida no termina aquí
} 28. Kh2 {Las negras deben ahora defenderse y no es fácil. Tal parece que las
blancas van poco a poco alternado entre capturas y amenazas y corren, como
mucho, el riesgo de un jaque perpetuo, que muy posiblemente no exista.} Re8 29.
Qe6+ Kc7 (29... Kd8 {pierde después de algunas jugadas muy precisas.} 30. Qd6+
Kc8 31. Qxc5+ Kd7 (31... Kb8 32. Rxe7 {También sería factible jugar 32.Re4, b3
y cosas así, sin apuros, aprovechando la clavada.} Rxe7 33. Qxe7 Qf4+ 34. Kg1
Qc1+ 35. Kf2 {y las blancas, que amenazan mate en d8, deben escapar de los
jaques y jugar un final muy agradable.}) 32. Re4 $3 Qxb2 (32... Nc6 $2 33. Qd5+
) 33. Rd4+ Ke6 34. Qd6+ Kf5 (34... Kf7 35. Rf4+ Kg7 36. Qe6 $3 {ganando}) 35.
Qf4+ Kg6 36. Qe5 $3 {obligando a que las negras entreguen su dama por la torre
llegando a un final perdedor.}) 30. Rxc5+ Kb8 31. Qe5+ Ka8 32. Rc7 {
y esta posición debe ser insostenible para las negras.}) 19. Rxh5 Rxh5 20. Qxh5
O-O-O {La posición se ve bastante fea para las negras y pocos jugadores
hubieran logrado neutralizar a Kasparov de la forma en que Leko lo hace.} 21.
Bg5 f6 22. Bh4 Qe8 23. Qf5+ Qd7 24. Rf1 Qxf5 25. Rxf5 Rf8 26. Rh5 (26. g4 Nh6
27. Rxf6 Rxf6 28. Bxf6 Nxg4 29. Bg5 {
encerrando al caballo, pero el rey negro llega a tiempo.} Kd7 30. Kg2 Ke6 31.
Kf3 Nf6) 26... Kd7 27. Rh8 (27. Rh7+ Ne7) 27... Ke6 28. g4 Rc8 $1 29. Kg2 Ne7
30. Rh6 Ng8 31. Rh8 1/2-1/2